00437nam a2200121 a 4500008004100000050002500041110004400066245010800110260004000218300001600258650001000274650003100284140624s1991 ||||||||||||||||| || u aIBRD-IFC(058)AR/1991 aInternational Finance Corporation (IFC)10aInternational Finance Corporation (IFC) annual report, 1991cby International Finance Corporation [IFC] aWashington, D.C.:bWorld Bankc1991 a101p.: ill. aBANKS aWORLD BANK--ANNUAL REPORTS